00653nam a2200193Ia 4500008004100000020001800041082001400059100002500073245006100098250000800159260004200167300003000209500001900239600003300258650001600291942000700307952012800314999001700442240925s9999 xx 000 0 und d a9788131715529 a519.5 WAL aWalpole ,Ronald E. 0aProbability and Statistics: for engineers and scientists a8th aNew Delhi:bPearson Educationc,2007. axxii,416p.bN.AfOriginal aIncludes Index aHumanities & Natural Science aMathematics cBK 001040708HUMaUITUbUITUd2013-04-25eFair Book Centerg895.00l0o519.5 WALpQ9726r2024-09-25 07:15:25w2024-09-25yBK c12225d12225